Normal view
MARC view
Entry Personal Name
001 - CONTROL NUMBER
- control field: 769744
003 - CONTROL NUMBER IDENTIFIER
- control field: OSt
005 - DATE AND TIME OF LATEST TRANSACTION
- control field: 20250508160922.0
008 - FIXED-LENGTH DATA ELEMENTS
- fixed length control field: 250508|| aca||aabn | a|a d
040 ## - CATALOGING SOURCE
- Original cataloging agency: OSt
- Transcribing agency: OSt
100 ## - HEADING--PERSONAL NAME
- Personal name: Haycraft Brita
670 ## - SOURCE DATA FOUND
- Source citation: Work cat.: (OSt)1367391: Haycraft Brita, Teaching of pronunciation: A classroom guide, 1971
